00696cam a2200217 a 450000100060000000300080000600500170001400800390003103500190007004000270008904100080011608200180012410000180014224500900016025000320025026000510028230000360033350400390036965000260040870000440043410475BD-RjUL20211208234948.0140123s19691967nyua b 001 0 eng a(BD-RjUL)10523 aDLCcWSUdBD-RjULbeng aeng00a546bHEI 19691 aHeslop, R. B.10aInorganic chemistry :ba guide to advanced study /cby R.B. Heslop and P.L. Robinson. a3rd, completely revised ed. aAmsterdam :bElsevier,c1967 [Reprinted 1969]. aviii, 776 p. :c23 cm.bills. ; aIncludes bibliographies and index. 0aChemistry, Inorganic.1 aRobinson, P. L.q(Percy Lucock),d1891-